MARC

LEADER 00000nam0a2200000 4500
001 375822
005 20231102012752.0
035 |a (RuTPU)RU\TPU\retro\33261 
035 |a RU\TPU\book\307329 
090 |a 375822 
100 |a 20221221d1971 k y0rusy50 ca 
101 0 |a rus 
102 |a RU 
105 |a a z 001zy 
200 1 |a Контактовая зона Хибинского щелочного массива. (Геолого-петрографические особенности, химизм и петрология)  |f В. Н. Горстка  |g Академия наук СССР (АН СССР), Кольский научный центр (КолНЦ), Геологический институт (ГИ) 
210 |a Ленинград  |c Наука  |d 1971 
215 |a 99 с.  |c ил. 
320 |a Библиогр.: с. 95-98. 
606 1 |a Щелочные горные породы  |2 stltpush  |3 (RuTPU)RU\TPU\subj\19678  |9 44862 
606 1 |a Горные породы  |x Минералогический анализ  |x (петрография)  |2 stltpush  |3 (RuTPU)RU\TPU\subj\7999  |9 35500 
610 1 |a контактовый метаморфизм 
610 1 |a петрографические исследования 
610 1 |a химизм 
610 1 |a петрология 
610 1 |a Хибинский массив 
610 1 |a нефелиновые породы 
610 1 |a нефелиновые сиениты-фонолиты 
610 1 |a парагенезисы 
610 1 |a химический состав 
675 |a 552.33  |v 3 
700 1 |a Горстка  |b В. Н.  |g Виктор Николаевич 
712 0 2 |a Академия наук СССР (АН СССР)  |b Кольский научный центр (КолНЦ)  |b Геологический институт (ГИ)  |c (Апатиты)  |2 stltpush  |3 (RuTPU)RU\TPU\col\18176 
801 1 |a RU  |b 63413507  |c 20150205 
801 2 |a RU  |b 63413507  |c 20221221  |g RCR 
942 |c BK